[Event "Amsterdam Science Park op-A 1st"]
[Site "Amsterdam"]
[Date "2011.07.14"]
[Round "6"]
[White "Schneider, Veronika"]
[Black "De Roode, Martijn"]
[Result "1/2-1/2"]
[WhiteElo "2331"]
[BlackElo "2098"]
[PlyCount "122"]
[EventDate "2011.07.09"]
[EventType "swiss"]
[EventRounds "9"]
[EventCountry "NED"]
[SourceTitle "CBM 143 Extra"]
[Source "ChessBase"]
[SourceDate "2011.08.29"]
[SourceVersion "1"]
[SourceVersionDate "2011.08.29"]
[SourceQuality "1"]

1. e4 e6 2. d4 d5 3. Nd2 a6 4. Ngf3 c5 5. dxc5 Bxc5 6. Bd3 Nf6 7. 0-0 Nc6 8. exd5 Qxd5 9. Qe2 h6 10. Ne4 Be7 11. Rd1 Qh5 12. Ng3 Qa5 13. c4 Qc7 14. b3 e5 15. Bb2 Bg4 16. h3 Bxf3 17. Qxf3 g6 18. Re1 0-0-0 19. Ne4 Nh5 20. Nc3 Nd4 21. Qg4+ f5 22. Bxf5+ gxf5 23. Qxh5 Bc5 24. Nd5 Qg7 25. Bxd4 Bxd4 26. Rad1 Rhg8 27. Qxf5+ Kb8 28. Qe4 Rdf8 29. Re2 Rf5 30. Kf1 Rgf8 31. Rdd2 Qg3 32. Ke1 Rxf2 33. Kd1 Rf1+ 34. Re1 R1f2 35. Qg4 Rxd2+ 36. Kxd2 Qxg4 37. hxg4 Rg8 38. Re4 Rf8 39. Kd3 Rf2 40. Re2 Rf1 41. Ke4 Kc8 42. Ne7+ Kd7 43. Nf5 Rf4+ 44. Kd5 Rxg4 45. Nxh6 Rf4 46. g4 b6 47. g5 Bc3 48. Re4 Rf2 49. Rg4 Rxa2 50. g6 Rd2+ 51. Ke4 Rd4+ 52. Kf3 Rf4+ 53. Rxf4 exf4 54. Nf5 Kc6 55. Kxf4 Kc5 56. Ke4 a5 57. Kd3 Bf6 58. g7 Bxg7 59. Nxg7 Kb4 60. Ne6 Kxb3 61. Nc7 a4 1/2-1/2